000 01218cad a22002415a 4500
001 L154803
008 120119s2011 xxk f 000 0 eng d
020 _a9780470148631
035 _a(Sirsi) u154803
041 0 _aeng
100 1 _aKilmer, W. Otie
245 0 0 _aConstruction drawings and details for interiors
_h[electronic document]
250 _a2nd ed.
260 _bJohn Wiley & Sons Inc
_c2011
300 _aeBook
520 _aThis highly visual ebook: includes such details as furniture, finishes, lighting, and others. Features authors' drawings as well as those from practising professionals. Covers drafting fundamentals and conventions; drawing types, plans, and schedules; and computer-aided design. Addresses graphic language as a communication tool. Details the process of creating construction documents, the use of computers, and various reproduction systems and standards. Includes examples of both residential and commercial interiors.
650 2 4 _aEBOOK
651 4 _aUnited States
_y1959-
690 _aDesign and specification
700 1 _aKilmer, Rosemary
856 4 0 _uhttps://www.vlebooks.com/
_zView on VLEbooks. Logins for members only from [email protected]
942 _n0
999 _c113163
_d113163